[Event "Match"]
[Site "www.echecsemail.com"]
[Date "2015.03.17"]
[Round "1"]
[White "Generalfree"]
[Black "Darknight"]
[WhiteElo "1830"]
[BlackElo "1720"]
[Result "1-0"]
[Round "1"]
1.e4 e5
2.Ng1f3 d6
3.Bf1c4 h6
4.c3 Ng8f6
5.d3 Bc8g4
6.h3 Bg4h5
7.g4 Bh5g6
8.Nb1d2 Bg6h7
9.b4 g5
10.Bc4b3 c6
11.c4 b5
12.a4 Nb8d7
13.axb5 c5
14.bxc5 Nd7xc5
15.Qd1e2 Bf8g7
16.Bc1a3 O-O
17.Ba3xc5 dxc5
18.Nf3xe5 Rf8e8
19.Ne5c6 Qd8d7
20.O-O Bh7g6
21.Nd2f3 h5
22.Nf3xg5 hxg4
23.hxg4 Nf6xg4
24.Ra1a6 f6
25.Ng5f3 Bg6h5
26.Kg2 Qd7c7
27.d4 Ng4h2
28.Rf1h1 Bh5xf3
29.Qe2xf3 Nh2xf3
30.Kxf3 Qc7d7
31.d5 f5
32.e5 Bg7xe5
33.Nc6xe5 Re8xe5
34.Ra6g6 Kf8
35.Rh1h8 Kf7
36.Rh8h7 { resign }
1-0

[Event "Match"]
[Site "www.echecsemail.com"]
[Date "2015.03.17"]
[Round "1"]
[White "Cardiff"]
[Black "Nozal"]
[WhiteElo "1930"]
[BlackElo "1920"]
[Result "1-0"]
[Round "1"]
1.d4 d6
2.c4 d5
3.cxd5 Qd8xd5
4.Nb1c3 Qd5d8
5.e4 f6
6.Ng1f3 Nb8c6
7.d5 Nc6e5
8.Nf3xe5 fxe5
{ time. }
1-0

[Event "1/8 Finale"]
[Site "www.chess-mail.com"]
[Date "2015.03.17"]
[Round "1"]
[White "Stebac"]
[Black "Manolinex"]
[WhiteElo "2730"]
[BlackElo "2710"]
[Result "1-0"]
[Round "1"]
1.d4 d5
2.c4 e6
3.Nb1c3 Ng8f6
4.cxd5 exd5
5.Bc1g5 c6
6.e3 Bc8f5
7.Qd1f3 Bf5g6
8.Bg5xf6 Qd8xf6
9.Qf3xf6 gxf6
10.Ng1f3 Nb8d7
11.Nf3h4 O-O-O
12.g3 Nd7b6
13.Bf1e2 Nb6c4
14.Be2xc4 dxc4
15.Nh4xg6 hxg6
16.h4 c5
17.dxc5 Rh8h5
18.c6 bxc6
19.Ke2 Rh5a5
20.h5 gxh5
21.a3 Kd7
22.Rh1h4 Ke6
23.Ra1c1 Rd8b8
24.Nc3d1 c3
25.Rc1xc3 c5
26.Rh4xh5 f5
27.Rh5h8 Rb8xb2
28.Nd1xb2 Bf8g7
29.Rh8e8 Kd7
30.Rc3d3 Kxe8
31.Nb2c4 Ra5a4
32.Nc4d6 Ke7
33.Nd6xf5 Kf6
34.Nf5xg7 Kxg7
35.Rd3c3 Ra4a5
36.g4 f6
37.Kd3 Kf7
38.f3 Ke6
39.Kc4 Kd6
40.Rc3d3 Kc6
41.e4 Ra5a6
42.Rd3d5 Ra6xa3
43.Rd5f5 Ra3a4
44.Kc3 Kb5
45.Rf5xf6 a5
46.g5 Ra4c4
47.Kd2 Rc4d4
48.Ke3 Rd4d8
49.Rf6f7 c4
50.Rf7b7 Kc5
51.g6 Rd8g8
52.g7 a4
53.f4 a3
54.f5 a2
55.Rb7a7 Rg8xg7
56.Ra7a5 Kb4
57.Ra5xa2 { resign }
1-0

[Event "1/32 Finale"]
[Site "www.chess-mail.com"]
[Date "2015.03.17"]
[Round "1"]
[White "Vasylpuzanov"]
[Black "Ostapbender"]
[WhiteElo "2070"]
[BlackElo "2640"]
[Result "0-1"]
[Round "1"]
1.d4 d5
2.Nb1c3 e6
3.Ng1f3 Ng8f6
4.Bc1g5 Bf8b4
5.e3 Nb8d7
6.Bf1d3 h6
7.Bg5h4 c5
8.O-O c4
9.Bd3e2 Bb4xc3
10.bxc3 Qd8a5
11.Qd1b1 Qa5xc3
12.Bh4g3 Nf6e4
13.Bg3c7 Qc3a3
14.Qb1c1 Qa3xc1
15.Rf1xc1 a5
16.a4 Ra8a7
{ time. }
0-1

[Event "1/128 Finale"]
[Site "www.chess-mail.com"]
[Date "2015.03.17"]
[Round "1"]
[White "Badplayer"]
[Black "E4player"]
[WhiteElo "2220"]
[BlackElo "1809"]
[Result "0-1"]
[Round "1"]
1.e4 c5
2.Ng1f3 e6
3.c4 b6
4.Nb1c3 Bc8b7
5.d3 Nb8c6
6.Bf1e2 Ng8f6
7.Bc1g5 Bf8d6
8.O-O h6
9.Bg5h4 a6
10.a3 Qd8c7
11.Rf1e1 Nf6g4
12.Bh4g3 Bd6xg3
13.hxg3 Ng4e5
14.Nf3xe5 Qc7xe5
15.Be2f1 O-O
16.Ra1b1 Ra8b8
17.Qd1g4 Qe5d6
18.f4 Nc6d4
19.e5 Qd6c7
20.Nc3e4 Bb7xe4
21.Re1xe4 b5
22.Rb1c1 Qc7a5
23.Re4xd4 cxd4
24.Rc1c2 bxc4
25.dxc4 Rb8b3
26.Kh2 Qa5e1
27.Bf1e2 d3
{ resign }
0-1

[Event "1/64 Finale"]
[Site "www.chess-mail.com"]
[Date "2015.03.17"]
[Round "1"]
[White "Montinskij"]
[Black "Powerchess"]
[WhiteElo "2230"]
[BlackElo "1360"]
[Result "1-0"]
[Round "1"]
1.e4 c6
2.d4 d5
3.Nb1c3 dxe4
4.Nc3xe4 Ng8f6
5.Ne4xf6 exf6
6.Ng1f3 Bf8d6
7.Bf1d3 O-O
8.O-O Bc8g4
9.h3 Bg4xf3
10.Qd1xf3 Qd8c7
11.Bc1h6 Rf8e8
12.Bh6xg7 Kxg7
13.Qf3g4 Kf8
14.Bd3xh7 Nb8d7
15.Ra1e1 Re8e6
16.Qg4g8 Ke7
17.Qg8xa8 a6
18.Bh7f5 Re6xe1
19.Rf1xe1 { resign }
1-0

[Event "1/128 Finale"]
[Site "www.chess-mail.com"]
[Date "2015.03.17"]
[Round "1"]
[White "Lkaspar"]
[Black "Vitoriccardo"]
[WhiteElo "1689"]
[BlackElo "1609"]
[Result "0-1"]
[Round "1"]
1.d4 e6
2.c4 d5
3.Ng1f3 Bf8e7
4.e3 Ng8f6
5.Nb1d2 O-O
6.Bf1d3 Nb8d7
7.b3 c5
8.Bc1b2 b6
9.cxd5 exd5
10.Ra1c1 Bc8b7
11.O-O Nf6e4
12.Qd1c2 Ra8c8
13.Qc2b1 Be7f6
14.Nd2xe4 dxe4
15.Bd3xe4 Bb7xe4
 { time }
0-1

[Event "1/64 Finale"]
[Site "www.chess-mail.com"]
[Date "2015.03.17"]
[Round "1"]
[White "Nimzo2"]
[Black "E4player"]
[WhiteElo "2030"]
[BlackElo "2540"]
[Result "0-1"]
[Round "1"]
1.e4 c5
2.Ng1f3 e6
3.d4 cxd4
4.Nf3xd4 a6
5.Bf1c4 Ng8f6
6.Bc1g5 Qd8a5
7.Qd1d2 Bf8b4
8.c3 Nf6xe4
9.Qd2d3 Qa5xg5
{ resign }
0-1

[Event "Eq:THE KILLERS 1-BEAC Hungary : "]
[Site "www.chess-mail.com"]
[Date "2015.03.17"]
[Round "1"]
[White "Picifarkinca"]
[Black "Gimmyg"]
[WhiteElo "1930"]
[BlackElo "2100"]
[Result "0-1"]
[Round "1"]
1.Ng1f3 Nb8c6
2.g3 d5
3.Bf1g2 Bc8f5
4.d3 h6
5.O-O Ng8f6
6.Nb1d2 e6
7.c4 Bf8e7
8.Nf3h4 Bf5h7
9.f4 O-O
10.f5 Nf6g4
11.Qd1b3 Nc6d4
12.Qb3xb7 Nd4xe2
13.Kh1 Be7xh4
14.gxh4 Ng4xh2
15.f6 Nh2xf1
16.Bg2xf1 Ne2xc1
17.Ra1xc1 Qd8xf6
{ resign }
0-1

[Event "Eq:Angels of Checkmate-La Taverne : "]
[Site "www.chess-mail.com"]
[Date "2015.03.17"]
[Round "1"]
[White "Neverless"]
[Black "Nestor"]
[WhiteElo "2680"]
[BlackElo "2070"]
[Result "1-0"]
[Round "1"]
1.e4 Ng8f6
2.e5 Nf6d5
3.d4 d6
4.Ng1f3 g6
5.Bf1c4 c6
6.O-O Bf8g7
7.exd6 Qd8xd6
8.Rf1e1 O-O
9.Bc4b3 Bc8g4
10.Nb1d2 Bg7xd4
11.Nd2c4 Qd6c5
12.Qd1xd4 { resign }
1-0

[Event "Tourn. n8077"]
[Site "www.chess-mail.com"]
[Date "2015.03.18"]
[Round "1"]
[White "Jose"]
[Black "Faerieking"]
[WhiteElo "2700"]
[BlackElo "2220"]
[Result "1-0"]
[Round "1"]
1.e4 e5
2.Ng1f3 Nb8c6
3.Bf1b5 a6
4.Bb5a4 b5
5.Ba4b3 Ng8f6
6.O-O Bf8e7
7.Rf1e1 O-O
8.c3 d5
9.exd5 Nf6xd5
10.Nf3xe5 Nc6xe5
11.Re1xe5 Nd5f6
12.d4 Be7d6
13.Re5e1 Nf6g4
14.h3 Qd8h4
15.Qd1f3 Ng4xf2
16.Re1e2 Bc8xh3
17.gxh3 Nf2xh3
18.Kg2 Nh3g5
19.Bc1xg5 Qh4xg5
20.Kf2 Qg5h4
21.Kf1 c5
22.Nb1d2 cxd4
23.cxd4 Ra8d8
24.Nd2e4 Bd6b8
25.Ra1d1 Kh8
26.Re2g2 f5
27.Ne4g5 { resign }
1-0

[Event "Tourn. n8094"]
[Site "www.chess-mail.com"]
[Date "2015.03.18"]
[Round "1"]
[White "E4player"]
[Black "Rons"]
[WhiteElo "2470"]
[BlackElo "2550"]
[Result "1-0"]
[Round "1"]
1.e4 c5
2.Nb1c3 Nb8c6
3.Ng1e2 e6
4.d4 cxd4
5.Ne2xd4 Qd8c7
6.Bc1e3 a6
7.Qd1d2 Ng8f6
8.O-O-O Bf8b4
9.f3 Nc6e5
10.Be3f4 d6
11.Nd4b3 Ke7
12.a3 Bb4xc3
13.bxc3 b6
14.Bf1e2 Bc8b7
15.Qd2e3 Rh8d8
16.Bf4g3 Kf8
17.Rd1d2 Kg8
18.Rh1d1 Nf6e8
19.Bg3xe5 dxe5
20.Rd2xd8 Ra8xd8
21.Rd1xd8 Qc7xd8
22.c4 f6
23.c5 b5
24.Qe3c3 Qd8c8
25.Nb3a5 Bb7a8
26.Qc3b4 Ne8c7
27.a4 Qc8e8
28.Qb4d2 Qe8c8
29.Qd2d6 bxa4
30.Be2c4 Kf7
31.Kb2 Nc7b5
32.Bc4xb5 axb5
33.c6 Ke8
34.Ka3 h5
35.Kb4 Qc8d8
36.Qd6xe6 Kf8
37.Qe6d5 Qd8e7
38.Kxb5 a3
39.Qd5c4 Ba8xc6
40.Qc4xc6 { resign }
1-0

[Event "Tourn. n7980"]
[Site "www.chess-mail.com"]
[Date "2015.03.18"]
[Round "1"]
[White "Blackpool"]
[Black "Fabos12"]
[WhiteElo "1840"]
[BlackElo "1860"]
[Result "0-1"]
[Round "1"]
1.c4 Ng8f6
2.Ng1f3 d5
3.cxd5 Nf6xd5
4.d4 Bc8f5
5.Nb1c3 Nd5b6
6.e4 Bf5g6
7.Nf3e5 e6
8.Ne5xg6 hxg6
9.Bc1e3 f5
10.exf5 gxf5
11.Bf1e2 g5
12.Be2h5 Kd7
13.d5 e5
14.Be3xb6 axb6
15.Bh5f7 Ke7
16.Bf7e6 Nb8d7
17.Qd1d2 Kf6
18.O-O-O Nd7c5
19.Kb1 Nc5xe6
20.dxe6 Qd8xd2
21.Rd1xd2 Bf8b4
22.Rd2c2 Ra8d8
23.a3 Bb4xc3
24.Rc2xc3 c6
25.h3 Rd8d2
26.Rc3c2 Rh8d8
27.Rh1c1 Rd2d1
28.Ka2 Rd1xc1
29.Rc2xc1 Rd8d2
30.Rc1f1 c5
31.Kb3 Kxe6
32.Kc3 Rd2d4
33.b4 Kd5
34.Rf1e1 cxb4
35.axb4 b5
36.Re1a1 Rd4c4
37.Kb3 Ke4
38.Ra1a7 Rc4c7
39.Ra7a5 Rc7c1
40.Ra5xb5 Rc1f1
41.f3 Kf4
42.Rb5xb7 Kg3
43.Rb7e7 Kxg2
44.Re7xe5 Rf1xf3
45.Kc4 Kxh3
46.b5 Rf3f1
47.b6 Kg4
48.Re5b5 Rf1c1
49.Kb4 Rc1c8
50.b7 Rc8b8
51.Kc5 f4
52.Kc6 f3
53.Rb5b4 Kg3
54.Rb4b5 g4
55.Rb5f5 Kg2
56.Kc7 Rb8xb7
57.Kxb7 g3
{ resign }
0-1

[Event "Tourn. n8091"]
[Site "www.chess-mail.com"]
[Date "2015.03.18"]
[Round "1"]
[White "Francesco"]
[Black "Hali"]
[WhiteElo "2100"]
[BlackElo "2170"]
[Result "1-0"]
[Round "1"]
1.e4 c5
2.c3 d5
3.exd5 Qd8xd5
4.d4 Ng8f6
5.c4 Qd5xd4
6.Qd1xd4 e6
7.Qd4d1 Bc8d7
8.Ng1f3 Nb8c6
9.Bf1e2 O-O-O
10.O-O e5
11.Nb1c3 h6
12.Bc1e3 g5
13.Nc3d5 Bd7e6
14.Qd1c2 Nf6d7
15.Rf1d1 f5
16.Nd5c3 e4
17.Nf3e1 Nc6b4
18.Qc2a4 Kb8
19.Nc3b5 a6
20.Nb5d6 Nd7b6
21.Qa4b3 Bf8xd6
22.a3 Nb6xc4
23.Be2xc4 { resign }
1-0

[Event "Tourn. n8098"]
[Site "www.chess-mail.com"]
[Date "2015.03.18"]
[Round "1"]
[White "Tartan"]
[Black "Szustan"]
[WhiteElo "2350"]
[BlackElo "2620"]
[Result "1-0"]
[Round "1"]
1.d4 d5
2.Ng1f3 Ng8f6
3.e3 e6
4.Bf1d3 c5
5.c3 Nb8c6
6.Nb1d2 Bf8d6
7.O-O O-O
8.dxc5 Bd6xc5
9.e4 Qd8c7
10.Qd1e2 Bc5d6
11.Rf1e1 Nc6e7
12.e5 { resign }
1-0

[Event "Tourn. n8117"]
[Site "www.chess-mail.com"]
[Date "2015.03.18"]
[Round "1"]
[White "Gene4267"]
[Black "Awfen"]
[WhiteElo "1969"]
[BlackElo "1950"]
[Result "1-0"]
[Round "1"]
1.d4 d5
2.c4 dxc4
3.e4 e6
4.Bf1xc4 Ng8f6
5.Nb1c3 Nb8c6
6.Ng1f3 Bf8e7
7.O-O O-O
8.h3 a6
9.Bc1e3 b5
10.Bc4d3 Bc8b7
11.a3 Nc6a5
12.Qd1c2 Na5c4
13.Rf1e1 e5
14.Bd3xc4 exd4
15.Bc4xf7 Rf8xf7
16.Be3xd4 c5
17.Bd4e3 Ra8c8
18.Ra1d1 Qd8c7
19.Nf3g5 b4
20.axb4 cxb4
21.Ng5xf7 bxc3
22.Qc2b3 Qc7c4
23.Qb3xb7 c2
24.Rd1d8 Be7xd8
25.Nf7d6 Rc8c7
26.Qb7b8 { resign }
1-0

[Event "Tourn. n8106"]
[Site "www.chess-mail.com"]
[Date "2015.03.18"]
[Round "1"]
[White "Manolinex"]
[Black "Asoka"]
[WhiteElo "2730"]
[BlackElo "2590"]
[Result "1/2-1/2"]
[Round "1"]
1.e4 e5
2.Ng1f3 Nb8c6
3.Bf1b5 a6
4.Bb5a4 Ng8f6
5.O-O b5
6.Ba4b3 Bf8e7
7.d4 d6
8.dxe5 dxe5
9.Qd1xd8 Be7xd8
10.a4 Ra8b8
11.axb5 axb5
12.Nb1c3 O-O
13.Bc1e3 b4
14.Nc3e2 Bd8e7
15.Ne2c1 Be7d6
16.h3 Bc8b7
17.Nf3d2 Nc6d4
18.Be3xd4 exd4
19.f3 Nf6d7
20.Nd2c4 Bd6e7
21.Nc1d3 Bb7c6
22.Nc4a5 Bc6a8
23.Bb3a4 Nd7c5
24.Ba4c6 Nc5xd3
25.cxd3 Rb8b6
26.Ra1c1 b3
27.f4 Be7b4
28.Bc6xa8 Rf8xa8
29.Na5xb3 Bb4d6
30.Nb3xd4 Rb6xb2
31.Rf1f2 Rb2xf2
32.Kxf2 Bd6xf4
33.Rc1c4 Ra8a3
34.g3 Bf4e5
35.Nd4c6 Be5c3
36.d4 g6
37.e5 Kg7
38.Rc4c5 Ra3b3
39.Kf1 h5
40.Ke2 Bc3b2
41.Kf2 f6
42.e6 Bb2a3
43.Rc5c2 h4
44.gxh4 { draw }
1/2-1/2

[Event "Tourn. n7966"]
[Site "www.chess-mail.com"]
[Date "2015.03.18"]
[Round "1"]
[White "Kozakliuty"]
[Black "Passaroa25"]
[WhiteElo "1500"]
[BlackElo "1520"]
[Result "1-0"]
[Round "1"]
1.g4 d5
2.h3 Nb8d7
3.Bf1g2 Nd7b6
4.d4 Bc8d7
5.Nb1c3 Bd7c6
6.Ng1f3 f6
7.Bc1d2 Nb6c4
8.Bd2c1 e6
9.b3 Bf8b4
10.Qd1d3 Bb4d6
11.bxc4 dxc4
12.Qd3xc4 Qd8d7
13.O-O Ng8e7
14.e4 O-O
15.a4 Ne7g6
16.d5 e5
17.dxc6 Qd7f7
18.Qc4xf7 Rf8xf7
19.cxb7 Ra8b8
20.Ra1b1 c6
21.Bc1e3 a5
22.Rf1d1 Rf7xb7
23.Rb1xb7 h6
24.Rb7xb8 Bd6xb8
25.Rd1d8 Kh7
26.Rd8xb8 Ng6f4
27.Be3xf4 exf4
28.Nf3d4 Kg6
29.Nd4xc6 h5
30.gxh5 Kxh5
31.Nc6xa5 g5
32.Rb8g8 Kh6
33.Na5c4 Kh7
34.Rg8d8 Kg7
35.a5 Kf7
36.a6 Ke7
37.Rd8d1 { resign }
1-0

[Event "Tourn. n8062"]
[Site "www.chess-mail.com"]
[Date "2015.03.18"]
[Round "1"]
[White "Guidom"]
[Black "Groz"]
[WhiteElo "2040"]
[BlackElo "1809"]
[Result "1/2-1/2"]
[Round "1"]
1.e4 Ng8f6
2.Nb1c3 d6
3.d4 e5
4.dxe5 dxe5
5.Qd1xd8 Kxd8
6.Bc1g5 c6
7.O-O-O Kc7
8.f3 Bc8e6
9.Ng1e2 Nb8d7
10.Ne2g3 h6
11.Bg5e3 Bf8b4
12.a3 Bb4xc3
13.bxc3 Nd7b6
14.Bf1e2 Rh8d8
15.Be3xb6 axb6
16.Kb2 Rd8xd1
17.Rh1xd1 Ra8d8
18.Rd1xd8 Kxd8
19.Be2d3 Nf6d7
20.Ng3h5 g6
21.Nh5g3 Nd7c5
22.c4 f6
23.Ng3e2 Kd7
24.g3 Be6h3
25.g4 Bh3f1
26.Kc3 Bf1xe2
27.Bd3xe2 Ke6
28.h4 Kd6
29.Be2d3 Nc5e6
30.Kd2 Ne6d4
31.Ke3 Kc5
32.f4 g5
33.hxg5 hxg5
34.fxg5 fxg5
35.Kd2 b5
36.cxb5 Nd4xb5
37.Bd3xb5 Kxb5
38.Kc3 Ka4
39.Kb2 Kb5
40.Kb3 Kc5
41.Kc3 Kb5
42.Kb3 Kc5
{ draw }
1/2-1/2

[Event "Tourn. n8037"]
[Site "www.chess-mail.com"]
[Date "2015.03.18"]
[Round "1"]
[White "Awfen"]
[Black "Oxycontin"]
[WhiteElo "1970"]
[BlackElo "2040"]
[Result "0-1"]
[Round "1"]
1.e4 c6
2.Ng1f3 d5
3.e5 Bc8f5
4.d4 e6
5.Nb1c3 a6
6.Bf1d3 Ng8e7
7.O-O Nb8d7
8.Bc1g5 Bf5xd3
9.Qd1xd3 Qd8c7
10.Ra1c1 Ne7f5
11.g4 Nf5e7
12.Bg5h4 Ne7g6
13.Bh4g3 c5
14.Nc3e2 cxd4
15.Ne2xd4 Nd7xe5
16.Nf3xe5 Ng6xe5
17.Qd3e3 Bf8d6
18.Rf1e1 Ne5c4
19.Qe3c3 Bd6xg3
20.hxg3 Ra8c8
21.Nd4f5 Rh8g8
22.Nf5xg7 Kf8
23.Re1xe6 Rg8xg7
24.Re6e2 Nc4d6
25.Qc3b4 Rg7g6
26.Rc1e1 Kg8
27.Qb4d4 Qc7c4
28.Qd4e5 Rc8e8
29.Qe5c3 Re8xe2
30.Re1xe2 Qc4xe2
{ resign }
0-1

[Event "Tourn. n7949"]
[Site "www.chess-mail.com"]
[Date "2015.03.18"]
[Round "1"]
[White "Echo314"]
[Black "Manolinex"]
[WhiteElo "2630"]
[BlackElo "2700"]
[Result "1-0"]
[Round "1"]
1.d4 d5
2.c4 e6
3.Ng1f3 Ng8f6
4.g3 c6
5.Bf1g2 Bf8e7
6.O-O O-O
7.b3 b6
8.Bc1b2 Bc8b7
9.Nb1c3 Nb8d7
10.Qd1d3 Ra8c8
11.Rf1d1 c5
12.cxd5 Nf6xd5
13.Nc3xd5 exd5
14.Nf3e5 Nd7f6
15.Ra1c1 Rf8e8
16.dxc5 bxc5
17.Qd3f5 Be7f8
18.e3 Qd8e7
19.h4 Re8d8
20.Rc1c2 Qe7e8
21.g4 Qe8e6
22.Qf5xe6 fxe6
23.g5 Nf6d7
24.Ne5xd7 Rd8xd7
25.Bg2h3 Rd7d6
26.b4 c4
27.Bb2e5 Rd6b6
28.Be5d4 Rb6d6
29.Bd4c5 Rd6c6
30.e4 Bf8xc5
31.bxc5 Rc8e8
32.exd5 exd5
33.Bh3d7 Re8e4
34.Bd7xc6 Bb7xc6
35.f3 Re4xh4
36.Rd1e1 Kf7
37.Kg2 Rh4h5
38.Re1e5 Rh5h4
39.Rc2c1 Rh4d4
40.Re5f5 Kg6
41.Rf5f8 Kxg5
42.Kg3 Rd4d2
43.Rf8c8 Bc6d7
44.Rc8c7 Bd7f5
45.Rc7xg7 Kf6
46.Rg7xa7 Rd2d3
47.c6 { resign }
1-0

[Event "Tourn. n8043"]
[Site "www.chess-mail.com"]
[Date "2015.03.18"]
[Round "1"]
[White "Colchester"]
[Black "Hundegana"]
[WhiteElo "1870"]
[BlackElo "1920"]
[Result "0-1"]
[Round "1"]
1.Ng1f3 c5
2.c4 Ng8f6
3.Nb1c3 a5
4.d4 e6
5.d5 d6
6.e4 e5
7.Bf1d3 Bf8e7
8.O-O Bc8d7
9.Rf1e1 Nb8a6
10.a3 O-O
11.h3 h6
12.Bc1e3 Nf6h7
13.Nf3d2 f5
14.exf5 Be7f6
15.g4 Bf6h4
16.Nd2f3 Rf8e8
17.Nf3xh4 Qd8xh4
18.Qd1f3 Nh7g5
19.Be3xg5 Qh4xg5
20.Nc3e4 Qg5e7
21.Qf3g3 b6
22.h4 Re8f8
23.Ra1d1 Na6c7
24.Qg3h3 Nc7e8
25.Kh2 Ne8f6
26.Ne4xf6 Qe7xf6
27.f3 Rf8f7
28.Re1g1 Kf8
29.g5 Qf6d8
30.f6 Bd7xh3
{ resign }
0-1

[Event "Tourn. n7917"]
[Site "www.chess-mail.com"]
[Date "2015.03.18"]
[Round "1"]
[White "Jpmartinez"]
[Black "Jose"]
[WhiteElo "2630"]
[BlackElo "2730"]
[Result "1/2-1/2"]
[Round "1"]
1.d4 Ng8f6
2.c4 e6
3.Nb1c3 d5
4.cxd5 exd5
5.Bc1g5 Bf8e7
6.e3 O-O
7.Bf1d3 Nb8d7
8.Ng1f3 c6
9.O-O Rf8e8
10.Qd1c2 Nd7f8
11.h3 Nf8g6
12.Bg5xf6 Be7xf6
13.b4 a6
14.a4 Bf6e7
15.b5 a5
16.Nc3e2 Bc8d7
17.bxc6 bxc6
18.Bd3f5 Ra8c8
19.Rf1c1 Be7d6
20.Ra1b1 Bd6a3
21.Rc1d1 Ba3b4
22.Bf5xd7 Qd8xd7
23.Ne2g3 c5
24.dxc5 Rc8xc5
25.Qc2b3 Re8c8
26.Ng3e2 h6
27.Rb1c1 Rc5c4
28.Qb3xc4 Rc8xc4
29.Rc1xc4 Qd7xa4
30.Rc4c8 Kh7
31.Rc8c1 Ng6e7
32.Nf3d4 Qa4d7
33.Rc1c2 Ne7f5
34.Nd4xf5 Qd7xf5
35.Ne2d4 Qf5e4
36.Rd1a1 Qe4d3
37.Rc2c1 f5
38.Nd4c6 Bb4d6
39.Ra1xa5 f4
{ draw }
1/2-1/2

[Event "Tourn. n8079"]
[Site "www.chess-mail.com"]
[Date "2015.03.18"]
[Round "1"]
[White "Falcoale"]
[Black "Genius7"]
[WhiteElo "1860"]
[BlackElo "1750"]
[Result "1/2-1/2"]
[Round "1"]
1.e4 Ng8f6
2.e5 Nf6d5
3.d4 d6
4.c4 Nd5b6
5.Ng1f3 Nb8c6
6.Nb1c3 Bc8g4
7.Bc1e3 dxe5
8.Bf1e2 exd4
9.Nf3xd4 Bg4xe2
10.Nc3xe2 Nc6xd4
11.Be3xd4 e6
12.b3 Bf8b4
13.Bd4c3 Bb4xc3
14.Ne2xc3 O-O
15.O-O Qd8xd1
16.Ra1xd1 c6
17.Nc3e4 Rf8d8
{ draw }
1/2-1/2

[Event "Tourn. n8002"]
[Site "www.chess-mail.com"]
[Date "2015.03.18"]
[Round "1"]
[White "Osopanda"]
[Black "Falcoale"]
[WhiteElo "2020"]
[BlackElo "1880"]
[Result "1-0"]
[Round "1"]
1.c4 Nb8c6
2.Ng1f3 b6
3.d4 e6
4.e4 Bc8b7
5.Nb1c3 Bf8b4
6.a3 Bb4xc3
7.bxc3 Ng8e7
8.Bf1d3 O-O
9.e5 Ne7g6
10.h4 d6
11.h5 Ng6e7
12.Qd1e2 Ne7f5
13.g4 Nf5e7
14.Bc1g5 h6
15.Bg5f4 dxe5
16.Bf4e3 exd4
17.cxd4 Rf8e8
18.O-O-O Nc6a5
19.Nf3e5 Bb7xh1
20.Rd1xh1 Na5b3
21.Kb2 Nb3a5
22.Kc3 Na5b7
23.Qe2f3 f6
24.Ne5g6 Ne7xg6
25.Bd3xg6 Re8e7
26.Qf3xb7 c5
27.Qb7e4 cxd4
28.Be3xd4 e5
29.Bd4e3 Ra8c8
30.Bg6h7 Kh8
31.Bh7f5 Rc8c7
32.Rh1b1 Re7e8
33.Bf5g6 Re8e7
34.Rb1b2 Rc7d7
35.Kb3 Rd7d3
36.Qe4xd3 Re7d7
37.Qd3c2 Rd7c7
38.Rb2b1 b5
39.Rb1d1 Qd8e7
40.c5 a6
41.Bg6f5 a5
42.Qc2c3 b4
43.axb4 axb4
44.Qc3c4 Rc7b7
45.c6 { resign }
1-0

[Event "Tourn. n7879"]
[Site "www.chess-mail.com"]
[Date "2015.03.18"]
[Round "1"]
[White "Manolinex"]
[Black "Schwiizer"]
[WhiteElo "2710"]
[BlackElo "2640"]
[Result "1/2-1/2"]
[Round "1"]
1.d4 Ng8f6
2.c4 e6
3.Ng1f3 b6
4.Nb1c3 Bc8b7
5.g3 Bf8b4
6.Bc1d2 O-O
7.Bf1g2 d6
8.O-O Nb8d7
9.Qd1c2 c5
10.d5 exd5
11.Nf3h4 Rf8e8
12.Rf1d1 Nd7e5
13.cxd5 Bb4a5
14.e4 Bb7a6
15.Bd2g5 h6
16.Bg5f4 Ne5c4
17.Nh4f5 Ba6c8
18.Nf5e3 Nc4xe3
19.Bf4xe3 Nf6g4
20.Be3c1 a6
21.h3 Ng4e5
22.a4 c4
23.Nc3e2 Bc8d7
24.Kh2 b5
25.axb5 axb5
26.Bc1e3 Ra8c8
27.Ne2d4 Ba5b6
28.Ra1a6 Bb6c5
29.b4 Bc5xb4
30.Qc2b1 Bb4c5
31.Nd4c6 Bd7xc6
32.Be3xc5 Bc6d7
33.Bc5xd6 Ne5d3
34.Rd1xd3 cxd3
35.Qb1xd3 Qd8f6
36.Qd3f3 Qf6d4
37.Bd6f4 b4
38.Bf4e3 Qd4c3
39.Ra6d6 Bd7a4
40.Rd6b6 b3
41.e5 b2
42.e6 fxe6
43.Qf3g4 Rc8c4
44.Qg4g6 Qc3c2
45.Qg6xc2 Ba4xc2
46.Rb6xb2 Bc2e4
47.d6 Be4xg2
48.Kxg2 Re8d8
49.Be3f4 Rc4c5
50.Rb2e2 Kf7
51.Bf4e5 Rd8a8
52.Re2e3 Rc5d5
53.g4 g6
54.Re3f3 Kg8
55.Rf3e3 Ra8b8
56.h4 Rb8a8
57.Be5g3 e5
58.Bg3xe5 Ra8e8
59.Be5g3 Re8xe3
60.fxe3 Kf7
61.Kf3 g5
62.Ke4 Ke6
63.h5 Rd5a5
64.Kf3 Ra5a2
65.Ke4 { draw }
1/2-1/2

[Event "Tourn. n8100"]
[Site "www.chess-mail.com"]
[Date "2015.03.18"]
[Round "1"]
[White "Cristero"]
[Black "Difficult"]
[WhiteElo "2160"]
[BlackElo "2100"]
[Result "1-0"]
[Round "1"]
1.Ng1f3 d5
2.c4 d4
3.b4 Bc8g4
4.Nf3e5 Bg4e6
5.d3 f6
6.Ne5f3 Be6g4
7.Nb1d2 e5
8.h3 Bg4h5
9.g4 Bh5f7
10.Bf1g2 Bf8xb4
11.O-O Nb8c6
12.a3 Bb4xd2
13.Nf3xd2 Ng8e7
14.Nd2e4 O-O
15.a4 Ne7g6
16.Bc1a3 Rf8e8
17.Ne4c5 Ra8b8
18.Nc5xb7 Qd8d7
19.Nb7c5 { resign }
1-0

[Event "Match"]
[Site "www.echecsemail.com"]
[Date "2015.03.18"]
[Round "1"]
[White "Drdoom"]
[Black "Generalfree"]
[WhiteElo "1770"]
[BlackElo "1780"]
[Result "0-1"]
[Round "1"]
1.e4 e5
2.Ng1f3 Nb8c6
3.d4 exd4
4.Nf3xd4 Nc6xd4
5.Qd1xd4 c5
6.Qd4d1 g6
7.c4 Bf8g7
8.Qd1c2 b6
9.Nb1c3 d6
10.Bc1e3 Bc8b7
11.Bf1d3 Ng8f6
12.Qc2d2 Nf6g4
13.Be3g5 Bg7f6
14.Bg5xf6 Qd8xf6
15.O-O Qf6e5
16.g3 O-O-O
17.Ra1b1 h5
18.h3 Ng4f6
19.Rf1e1 g5
20.Qd2c2 h4
21.g4 a6
22.Nc3d5 Nf6xd5
23.exd5 Qe5f4
24.b4 cxb4
25.Rb1xb4 a5
26.Rb4xb6 Kc7
27.Rb6b1 Rh8e8
28.Re1xe8 Rd8xe8
29.a4 Qf4d4
30.Qc2d2 f6
31.Qd2xa5 Kb8
32.Qa5d2 Kc7
33.a5 Qd4c5
34.Rb1b5 Qc5a3
35.c5 dxc5
36.Qd2c2 Re8e1
37.Kg2 Bb7xd5
38.f3 Re1c1
39.Rb5xc5 Qa3xc5
{ resign }
0-1

[Event "Match"]
[Site "www.echecsemail.com"]
[Date "2015.03.18"]
[Round "1"]
[White "Chapi"]
[Black "Bartos33"]
[WhiteElo "2010"]
[BlackElo "1499"]
[Result "1-0"]
[Round "1"]
1.d4 d5
2.c4 Ng8f6
3.Nb1c3 e6
4.Bc1g5 Nb8c6
5.cxd5 exd5
6.Ng1f3 Bc8f5
7.Bg5xf6 Qd8xf6
8.Nc3xd5 Qf6d6
9.Nd5c3 O-O-O
10.e3 g6
11.Bf1c4 Bf8g7
12.Nf3g5 Nc6e5
13.dxe5 Qd6xd1
14.Ra1xd1  { time }
1-0

[Event "Match"]
[Site "www.echecsemail.com"]
[Date "2015.03.18"]
[Round "1"]
[White "Canario"]
[Black "Generalfree"]
[WhiteElo "1660"]
[BlackElo "1780"]
[Result "1-0"]
[Round "1"]
1.e4 c5
2.Ng1f3 e6
3.Nb1c3 Nb8c6
4.d4 d5
5.exd5 exd5
6.Bf1b5 Bc8d7
7.Nc3xd5 cxd4
8.Bb5xc6 bxc6
9.Qd1e2 Bf8e7
10.Nd5xe7 Ng8xe7
11.O-O c5
12.Rf1e1 f6
13.Bc1f4 g5
14.Bf4d6 Bd7g4
15.Bd6xe7 Bg4xf3
16.Qe2xf3 Qd8xe7
17.Qf3xa8 { resign }
1-0

[Event "Match"]
[Site "www.echecsemail.com"]
[Date "2015.03.18"]
[Round "1"]
[White "Derik"]
[Black "Billyg"]
[WhiteElo "1460"]
[BlackElo "1580"]
[Result "0-1"]
[Round "1"]
1.e4 e5
2.d3 d5
3.Nb1d2 Ng8f6
4.Ng1f3 Bc8g4
5.g3 dxe4
6.dxe4 Nf6xe4
7.Nd2xe4 Qd8xd1
8.Kxd1 Bg4xf3
9.Bf1e2 Bf3xh1
10.b3 Bh1xe4
11.Bc1b2 Nb8c6
12.Be2b5 O-O-O
13.Kc1 Nc6d4
14.c3 Nd4xb5
15.a4 Nb5d6
16.Bb2a3 Nd6f5
17.Kb2 Rd8d2
18.Kc1 Rd2xf2
19.h4 Bf8xa3
20.Ra1xa3 Rh8d8
21.b4 Be4f3
22.c4 Rd8d1
{ resign }
0-1

[Event "Match"]
[Site "www.echecsemail.com"]
[Date "2015.03.18"]
[Round "1"]
[White "Expert"]
[Black "Pariolinius"]
[WhiteElo "1680"]
[BlackElo "1840"]
[Result "0-1"]
[Round "1"]
1.d4 d5
2.c4 Bc8f5
3.Nb1c3 c6
4.cxd5 cxd5
5.Qd1b3 Qd8d7
6.Qb3xd5 Qd7xd5
7.Nc3xd5 Nb8a6
8.e3 Kd8
9.Bf1xa6 bxa6
10.Bc1d2 e6
11.Bd2a5 Kd7
12.Nd5f4 Ng8f6
13.Ng1f3 Bf8d6
14.Nf3e5 Ke7
15.Nf4d3 Rh8c8
16.O-O Ra8b8
17.Ba5c3 Nf6e4
18.Ra1c1 Ne4xc3
19.Rc1xc3 Rc8xc3
20.bxc3 Rb8c8
21.Rf1c1 f6
{ resign }
0-1

[Event "Match"]
[Site "www.echecsemail.com"]
[Date "2015.03.18"]
[Round "1"]
[White "Pariolinius"]
[Black "Darknight"]
[WhiteElo "1820"]
[BlackElo "1770"]
[Result "1/2-1/2"]
[Round "1"]
1.e4 e5
2.f4 exf4
3.Ng1f3 h6
4.Nb1c3 c6
5.d4 g5
6.Bf1c4 d6
7.Qd1e2 a5
8.Bc1d2 b5
9.Bc4d3 Bc8a6
10.e5 d5
11.O-O-O b4
12.Nc3a4 Qd8d7
13.Na4c5 Bf8xc5
14.dxc5 Ng8e7
15.Rh1e1 Qd7e6
16.Nf3d4 Qe6c8
17.Qe2h5 Ba6xd3
18.cxd3 Nb8a6
19.Kb1 Na6xc5
20.Bd2c1 Nc5e6
21.Nd4xe6 Qc8xe6
22.d4 Kd7
23.g3 g4
24.Bc1xf4 Ra8g8
25.h3 gxh3
26.Re1h1 Qe6f5
27.Qh5xf5 Ne7xf5
28.Rh1xh3 Ke6
29.Kc2 h5
30.Kd3 h4
31.gxh4 Rg8g4
32.Bf4g5 Rg4xd4
33.Kc2 Kxe5
34.Rd1e1 Kd6
35.Bg5f6 Rd4c4
36.Kd3 Rh8g8
37.h5 Nf5h6
38.Bf6e7 Kc7
39.Be7f6 Kb6
40.Bf6d4 Kb5
41.b3 Rc4xd4
42.Kxd4 Rg8g2
43.Re1a1 f5
44.Ke3 Rg2c2
45.Kf4 Rc2g2
46.Ke5 Rg2g4
47.Ra1c1 f4
48.Rc1f1 Rg4g2
49.Rf1a1 Rg2g4
50.Ra1f1 Rg4g5
51.Kf6 Rg5g4
52.Ke5 Rg4g5
53.Kf6 Rg5g4
54.Rh3f3 Rg4g3
55.Rf3xf4 Nh6g4
56.Rf4xg4 Rg3xg4
57.Rf1h1 d4
58.h6 Rg4g8
59.h7 Rg8h8
60.Kg7 Rh8xh7

1/2-1/2